000 00725nam a2200253 a 4500
999 _c1035
_d1035
003 PK-NaQUE
005 20250613094438.0
008 250613b ||||| |||| 00| 0 eng d
020 _a8120320956 (paperback)
020 _a9788120320956 (paperback)
040 _cQUEST
100 1 _aMano, M. Morris.
245 1 0 _aDigital Design
250 _a3rd ed.
260 _a[S.l.] :
_bPrentice hall india,
_c2002.
300 _a532 p. ;
650 _aLogic circuits
650 _aLogic design
650 _aElectronic digital computers--Circuits
650 _aDigital integrated circuits
700 _aCiletti, Michael D
856 4 0 _uhttp://10.10.170.122:8080/browse/book/21202
_yDownload eBook
942 _cBK
_2ddc